| 000 | nam a22 7a 4500 | ||
|---|---|---|---|
| 999 |
_c129417 _d129417 |
||
| 008 | 190423b xxu||||| |||| 00| 0 eng d | ||
| 020 | _a9781853114113 | ||
| 050 | _aBT102.B66 1982 | ||
| 100 |
_aBoulding, Maria _95958 |
||
| 245 |
_aThe coming of God _c/ by Maria Boulding |
||
| 250 | _a3rd.ed. | ||
| 260 |
_aNorwich: _bCanterbury Press, _c2001. |
||
| 300 |
_avii, 201p. ; _c22cm. |
||
| 942 |
_2lcc _cMONOGRAPH |
||